Tertiary Students' Financial Behavior: Recent Study from Slovakia

Finančné podmienky vysokoškolských študentov v Európe. Finančné návyky vysokoškolských študentov na Slovensku - výsledky prieskumu z 01/2018.

Salvato in:
Dettagli Bibliografici
Autore principale: Barteková, Mária, 1992-
Altri autori: Šlahor, Ľudomír
Natura: Capitolo di libro
Lingua:inglese
Soggetti:
Tags: Aggiungi Tag
Nessun Tag, puoi essere il primo ad aggiungerne!!

MARC

LEADER 00000naa$a2200000$$$4500
001 0248395
005 20240502083705.4
041 0 |a eng 
044 |a HK 
245 1 0 |a Tertiary Students' Financial Behavior: Recent Study from Slovakia  |c Maria Bartekova, Ludomir Slahor 
520 |a Finančné podmienky vysokoškolských študentov v Európe. Finančné návyky vysokoškolských študentov na Slovensku - výsledky prieskumu z 01/2018. 
610 2 0 |a ekonómia behaviorálna 
610 2 0 |a financie behaviorálne 
610 2 0 |a financie 
610 2 0 |a financie osobné 
610 2 0 |a správanie 
610 2 0 |a úspory 
610 2 0 |a študenti 
610 2 0 |a školy vysoké 
610 2 0 |a Slovensko 
610 2 0 |a Európska únia 
100 1 |a Barteková, Mária, 1992- 
700 1 |a Šlahor, Ľudomír